[Event "VIII CAMPEONATO CONTINENTAL DE LAS AMERI"]
[Site "Hotel Casa Campestre - Cochaba"]
[Date "2013.05.07"]
[Round "1"]
[White "Bruzon Batista, Lazaro"]
[Black "Parraga, Alejandro"]
[Result "1-0"]
[WhiteElo "2707"]
[BlackElo "2163"]
[PlyCount "79"]
[EventDate "2013.05.07"]
[EventRounds "11"]
[EventCountry "BOL"]

1. d4 d5 2. Nf3 Nf6 3. c4 c6 4. e3 e6 5. Bd3 Nbd7 6. b3 Be7 7. O-O O-O 8. Bb2
b6 9. Nc3 Bb7 10. Qe2 Rc8 11. Rfd1 Qc7 12. Rac1 Qb8 13. Bb1 Rfd8 14. e4 dxe4
15. Nxe4 Qf4 16. Neg5 Re8 17. Qc2 h6 18. Nh3 Qc7 19. Ne5 Nf8 20. c5 bxc5 21.
dxc5 Rcd8 22. Re1 Rd5 23. b4 N6d7 24. Ng4 Ba6 25. Qc3 Bf6 26. Nxf6+ Nxf6 27.
Qa3 Bb5 28. Bxf6 gxf6 29. Qe3 Kg7 30. Nf4 Rg5 31. h4 Re5 32. Qf3 Ng6 33. Nh5+
Rxh5 34. Qxh5 Qf4 35. Rcd1 Re7 36. Re4 Qb8 37. Qf3 f5 38. Qc3+ f6 39. Red4 Ne5
40. Qg3+ 1-0

[Event "VIII CAMPEONATO CONTINENTAL DE LAS AMERI"]
[Site "Hotel Casa Campestre - Cochaba"]
[Date "2013.05.07"]
[Round "1"]
[White "Delgadillo, Adonay"]
[Black "Granda Zuniga, Julio E"]
[Result "0-1"]
[WhiteElo "2161"]
[BlackElo "2659"]
[PlyCount "70"]
[EventDate "2013.05.07"]
[EventRounds "11"]
[EventCountry "BOL"]

1. e4 c5 2. Nf3 e6 3. d4 cxd4 4. Nxd4 a6 5. Nc3 b5 6. Be3 Bb7 7. Bd3 d6 8. O-O
Nf6 9. a3 Nbd7 10. f4 Be7 11. Qf3 Nc5 12. Rae1 O-O 13. Kh1 Rc8 14. Bg1 g6 15.
Qh3 e5 16. fxe5 dxe5 17. Nf3 Nxd3 18. cxd3 Qxd3 19. Rd1 Qc4 20. Nxe5 Qe6 21.
Qxe6 fxe6 22. Rfe1 Rfd8 23. Nd3 Rd7 24. e5 Nh5 25. Be3 Ng7 26. Kg1 Nf5 27. Bf2
Rc4 28. Rf1 Rg4 29. g3 Nd4 30. Be3 Nf3+ 31. Kf2 Nxh2 32. Rfe1 Bh4 33. Rg1 Nf3
34. Rg2 Ng5 35. Bf4 Nh3+ 0-1

[Event "VIII CAMPEONATO CONTINENTAL DE LAS AMERI"]
[Site "Hotel Casa Campestre - Cochaba"]
[Date "2013.05.07"]
[Round "1"]
[White "Iturrizaga, Eduardo"]
[Black "Chumpitaz, Ann"]
[Result "1-0"]
[WhiteElo "2655"]
[BlackElo "2155"]
[PlyCount "63"]
[EventDate "2013.05.07"]
[EventRounds "11"]
[EventCountry "BOL"]

1. Nf3 Nf6 2. c4 g6 3. Nc3 c5 4. d4 cxd4 5. Nxd4 Bg7 6. g3 Nc6 7. Bg2 O-O 8.
Nc2 d6 9. O-O Be6 10. b3 Qd7 11. Re1 Bh3 12. Bh1 Ng4 13. Bb2 Qf5 14. Bf3 Nce5
15. Nd5 Rae8 16. Nde3 Nxe3 17. Nxe3 Nxf3+ 18. exf3 Qc5 19. Bxg7 Kxg7 20. Nd5 e5
21. Qd2 Bd7 22. Re4 h6 23. Rd1 a5 24. Re3 f5 25. f4 Bc6 26. Qc3 Bxd5 27. Rxd5
Qc6 28. fxe5 dxe5 29. Rexe5 Kf7 30. Qxa5 Rxe5 31. Rxe5 Re8 32. Qd5+ 1-0

[Event "VIII CAMPEONATO CONTINENTAL DE LAS AMERI"]
[Site "Hotel Casa Campestre - Cochaba"]
[Date "2013.05.07"]
[Round "1"]
[White "Mendoza, Rodrigo"]
[Black "Ortiz Suarez, Isan Reynaldo"]
[Result "0-1"]
[WhiteElo "2148"]
[BlackElo "2598"]
[PlyCount "44"]
[EventDate "2013.05.07"]
[EventRounds "11"]
[EventCountry "BOL"]

1. d4 Nf6 2. Nf3 e6 3. c4 b6 4. Nc3 Bb7 5. a3 g6 6. Qc2 Bg7 7. Bg5 h6 8. Bd2 d5
9. cxd5 exd5 10. Bf4 O-O 11. e3 c5 12. Be2 Nc6 13. dxc5 bxc5 14. Rd1 d4 15. Na4
Qa5+ 16. Kf1 Ne4 17. Rc1 Rad8 18. Qxe4 Qxa4 19. Rxc5 Rfe8 20. Qb1 Ba6 21. Bxa6
Qxa6+ 22. Kg1 g5 0-1

[Event "VIII CAMPEONATO CONTINENTAL DE LAS AMERI"]
[Site "Hotel Casa Campestre - Cochaba"]
[Date "2013.05.07"]
[Round "1"]
[White "Flores, Diego"]
[Black "Molina, Jorge"]
[Result "1-0"]
[WhiteElo "2586"]
[BlackElo "2144"]
[PlyCount "69"]
[EventDate "2013.05.07"]
[EventRounds "11"]
[EventCountry "BOL"]

1. c4 c5 2. Nc3 g6 3. g3 Bg7 4. Bg2 Nc6 5. Nf3 e5 6. O-O Nge7 7. a3 a5 8. Ne1
O-O 9. Nc2 d6 10. d3 h6 11. Rb1 f5 12. Bd2 a4 13. Ne3 Nd4 14. Ned5 Nb3 15. Be1
Bd7 16. Nxe7+ Qxe7 17. Bxb7 Rab8 18. Bg2 f4 19. Nd5 Qe8 20. e3 fxe3 21. fxe3
Rxf1+ 22. Kxf1 Bf5 23. Kg1 h5 24. Qc2 Kh8 25. Bc3 Qd8 26. h3 Be6 27. Kh2 Qg5
28. Qe2 Rf8 29. h4 Qd8 30. Rf1 Rxf1 31. Qxf1 Bg4 32. Qf7 g5 33. Ne7 gxh4 34.
Be4 hxg3+ 35. Kg2 1-0

[Event "VIII CAMPEONATO CONTINENTAL DE LAS AMERI"]
[Site "Hotel Casa Campestre - Cochaba"]
[Date "2013.05.07"]
[Round "1"]
[White "Celis, Kevin"]
[Black "Lenderman, Aleksandr"]
[Result "0-1"]
[WhiteElo "2134"]
[BlackElo "2585"]
[PlyCount "84"]
[EventDate "2013.05.07"]
[EventRounds "11"]
[EventCountry "BOL"]

1. e4 d6 2. d4 Nf6 3. f3 e5 4. dxe5 dxe5 5. Qxd8+ Kxd8 6. Bc4 Ke8 7. Be3 Nbd7
8. Nd2 c6 9. a4 Bc5 10. Kf2 a5 11. Ne2 Ke7 12. Nc1 Ne8 13. Nd3 Bxe3+ 14. Kxe3
b6 15. Rhd1 Nd6 16. c3 f6 17. b4 Ra7 18. Nb2 Bb7 19. Nb3 Rha8 20. Bf1 Bc8 21.
Rd2 Nb7 22. Rad1 axb4 23. cxb4 Rxa4 24. Nxa4 Rxa4 25. b5 c5 26. Kf2 c4 27. Nc1
Ndc5 28. Na2 Be6 29. Nc3 Ra3 30. Rc2 Nd6 31. Nb1 Ra1 32. Nc3 Rxd1 33. Nxd1 Nxb5
34. Rxc4 Bxc4 35. Bxc4 Nd6 36. Bg8 h6 37. Ne3 b5 38. Ba2 Nd3+ 39. Kg3 Nf4 40.
Nd5+ Nxd5 41. Bxd5 Nc4 42. f4 Kd6 0-1

[Event "VIII CAMPEONATO CONTINENTAL DE LAS AMERI"]
[Site "Hotel Casa Campestre - Cochaba"]
[Date "2013.05.07"]
[Round "1"]
[White "Vasquez Schroeder, Rodrigo"]
[Black "Gamboa, Anibal"]
[Result "1-0"]
[WhiteElo "2554"]
[BlackElo "2126"]
[PlyCount "45"]
[EventDate "2013.05.07"]
[EventRounds "11"]
[EventCountry "BOL"]

1. e4 Nf6 2. e5 Nd5 3. d4 d6 4. Nf3 Nc6 5. c4 Nb6 6. e6 f6 7. d5 Ne5 8. Nxe5
dxe5 9. Bd3 Qd6 10. Nc3 c6 11. Be3 Qb4 12. a3 Qxb2 13. Bd2 e4 14. Ra2 Qxa2 15.
Nxa2 exd3 16. Qb3 g6 17. a4 Bxe6 18. dxe6 O-O-O 19. a5 Na8 20. O-O Nc7 21. Rb1
b6 22. axb6 axb6 23. Qa4 1-0

[Event "VIII CAMPEONATO CONTINENTAL DE LAS AMERI"]
[Site "Hotel Casa Campestre - Cochaba"]
[Date "2013.05.07"]
[Round "1"]
[White "Arias, Juan Carlos"]
[Black "Mekhitarian, Krikor Sevag"]
[Result "1/2-1/2"]
[WhiteElo "2113"]
[BlackElo "2551"]
[PlyCount "81"]
[EventDate "2013.05.07"]
[EventRounds "11"]
[EventCountry "BOL"]

1. d4 Nf6 2. Nf3 d5 3. e3 c5 4. c4 e6 5. Nc3 a6 6. cxd5 exd5 7. dxc5 Bxc5 8.
Be2 O-O 9. O-O Nc6 10. a3 Re8 11. b4 Ba7 12. Bb2 Qd6 13. b5 Na5 14. Qa4 Qb6 15.
Nxd5 Nxd5 16. Bd4 Re4 17. Bd3 axb5 18. Qc2 Rxd4 19. Nxd4 Nf6 20. Bxb5 Be6 21.
Nxe6 Qxe6 22. Qa4 Bc5 23. Rfc1 b6 24. Rc4 g6 25. Rd1 h5 26. Rc3 Kg7 27. Rcd3
Qe5 28. Bc6 Ra7 29. Bf3 Re7 30. g3 Qf5 31. Kg2 Ng4 32. Rd5 Re5 33. Rxe5 Nxe5
34. Be4 Qg4 35. h3 Qe2 36. Qe8 Qxd1 37. Qxe5+ Kg8 38. Bd5 Bf8 39. e4 Qa4 40.
Qf6 Qe8 41. Qxb6 1/2-1/2

[Event "VIII CAMPEONATO CONTINENTAL DE LAS AMERI"]
[Site "Hotel Casa Campestre - Cochaba"]
[Date "2013.05.07"]
[Round "1"]
[White "Cubas, Jose Fernando"]
[Black "Sanchez Sandoval, Gonzalo"]
[Result "1-0"]
[WhiteElo "2550"]
[BlackElo "2103"]
[PlyCount "71"]
[EventDate "2013.05.07"]
[EventRounds "11"]
[EventCountry "BOL"]

1. e4 c5 2. Nf3 d6 3. d4 cxd4 4. Nxd4 Nf6 5. Nc3 Nc6 6. f3 e5 7. Nb3 Be7 8. Be3
Be6 9. Nd5 Bxd5 10. exd5 Nb8 11. Qd2 O-O 12. Be2 a5 13. c4 a4 14. Nc1 Nfd7 15.
O-O f5 16. Bd3 Na6 17. Ne2 Nac5 18. Bc2 f4 19. Bf2 Qe8 20. Nc3 Bd8 21. b4 axb3
22. axb3 Rxa1 23. Rxa1 e4 24. Nxe4 Nxe4 25. Bxe4 Nc5 26. Bc2 Qh5 27. Re1 Bh4
28. b4 Nd7 29. Bxh4 Qxh4 30. c5 dxc5 31. bxc5 Nxc5 32. d6 Kh8 33. Re5 Nd7 34.
Re7 Rd8 35. Ba4 Nf6 36. Qd4 1-0

[Event "VIII CAMPEONATO CONTINENTAL DE LAS AMERI"]
[Site "Hotel Casa Campestre - Cochaba"]
[Date "2013.05.07"]
[Round "1"]
[White "Herrera, Fernando"]
[Black "Cori, Jorge"]
[Result "0-1"]
[WhiteElo "2086"]
[BlackElo "2546"]
[PlyCount "110"]
[EventDate "2013.05.07"]
[EventRounds "11"]
[EventCountry "BOL"]

1. Nf3 d5 2. d4 Nf6 3. c4 c6 4. cxd5 cxd5 5. Nc3 Nc6 6. Bg5 e6 7. e3 Be7 8. Bd3
h6 9. Bh4 O-O 10. Rc1 b6 11. O-O Bb7 12. Qe2 Nb4 13. Ne5 Rc8 14. Bb5 a6 15. Ba4
b5 16. Bb3 Nc6 17. Nd3 Na5 18. Bxf6 Bxf6 19. Nc5 Be7 20. Nxb7 Nxb7 21. Qd3 Nd6
22. a4 Qb6 23. axb5 axb5 24. Ra1 Nc4 25. Ra2 Ra8 26. Bc2 g6 27. Rfa1 Rxa2 28.
Rxa2 Rc8 29. Bd1 Bb4 30. Ne2 Kg7 31. h4 h5 32. g3 Qb7 33. Nf4 Bd6 34. Ne2 Ra8
35. Qb1 e5 36. Rxa8 Qxa8 37. dxe5 Bxe5 38. b3 Nd2 39. Qd3 Nf3+ 40. Kf1 b4 41.
Nf4 d4 42. Bxf3 Qxf3 43. exd4 Qh1+ 44. Ke2 Bxf4 45. gxf4 Qxh4 46. Qe3 Qg4+ 47.
Kd3 Qf5+ 48. Ke2 Qg4+ 49. Kd3 h4 50. d5 h3 51. Qe5+ Kh7 52. Qe7 Qxf4 53. d6 h2
54. d7 h1=Q 55. d8=Q Qd1# 0-1

[Event "VIII CAMPEONATO CONTINENTAL DE LAS AMERI"]
[Site "Hotel Casa Campestre - Cochaba"]
[Date "2013.05.07"]
[Round "1"]
[White "Bachmann, Axel"]
[Black "Medrano, Mario"]
[Result "1-0"]
[WhiteElo "2531"]
[BlackElo "2085"]
[PlyCount "73"]
[EventDate "2013.05.07"]
[EventRounds "11"]
[EventCountry "BOL"]

1. e4 c5 2. Nc3 Nc6 3. Nf3 d6 4. d4 cxd4 5. Nxd4 Nf6 6. f4 g6 7. Nf3 Bg4 8. h3
Bxf3 9. Qxf3 Qb6 10. Bb5 a6 11. Be3 Qc7 12. Ba4 b5 13. Bb3 Rc8 14. Nd5 Nxd5 15.
exd5 Na5 16. Bd4 Rg8 17. c3 Bg7 18. Bxg7 Rxg7 19. O-O Nc4 20. Rf2 Qc5 21. Kh2
f6 22. Re1 Kf8 23. Re4 Rc7 24. Rd4 Nb6 25. Re2 a5 26. a3 a4 27. Bc2 Nd7 28. Rb4
Rb7 29. Bxa4 g5 30. c4 gxf4 31. Qxf4 Ne5 32. Rxb5 Rxb5 33. Bxb5 Nd3 34. Qe3
Qxe3 35. Rxe3 Nxb2 36. Rb3 Nd1 37. Ba4 1-0

[Event "VIII CAMPEONATO CONTINENTAL DE LAS AMERI"]
[Site "Hotel Casa Campestre - Cochaba"]
[Date "2013.05.07"]
[Round "1"]
[White "Quiroga, Duberlin"]
[Black "Zambrana, Oswaldo"]
[Result "0-1"]
[WhiteElo "2078"]
[BlackElo "2478"]
[PlyCount "78"]
[EventDate "2013.05.07"]
[EventRounds "11"]
[EventCountry "BOL"]

1. c4 Nf6 2. Nf3 e6 3. g3 b6 4. Bg2 Bb7 5. O-O Be7 6. Nc3 O-O 7. b3 d5 8. e3
Nbd7 9. Bb2 c5 10. d3 a6 11. Qc2 Qc7 12. Rfe1 Rad8 13. e4 dxe4 14. dxe4 Ng4 15.
Rad1 Bf6 16. h3 Nge5 17. Nxe5 Bxe5 18. Ne2 Bxb2 19. Qxb2 Ne5 20. Qc2 Nc6 21. f4
e5 22. fxe5 Qxe5 23. Nf4 Nb4 24. Qf2 Rxd1 25. Rxd1 Bxe4 26. Bxe4 Qxe4 27. Nd5
Nc2 28. Nxb6 Nd4 29. Rf1 Qe6 30. Na4 Qd6 31. Nc3 f6 32. Re1 Rb8 33. h4 h5 34.
Nd5 a5 35. Re7 a4 36. Qe3 Kf8 37. Qd3 axb3 38. Qg6 Qxe7 39. Nxe7 bxa2 0-1

[Event "VIII CAMPEONATO CONTINENTAL DE LAS AMERI"]
[Site "Hotel Casa Campestre - Cochaba"]
[Date "2013.05.07"]
[Round "1"]
[White "Hambleton, Aman"]
[Black "Cordero, Daniela"]
[Result "1-0"]
[WhiteElo "2468"]
[BlackElo "2074"]
[PlyCount "69"]
[EventDate "2013.05.07"]
[EventRounds "11"]
[EventCountry "BOL"]

1. d4 d6 2. c4 e5 3. Nf3 e4 4. Ng5 f5 5. Nc3 Be7 6. Nh3 Nf6 7. Nf4 Nc6 8. g3
O-O 9. h4 Ng4 10. Ncd5 Re8 11. Nxe7+ Qxe7 12. e3 Nd8 13. Be2 Ne6 14. Nd5 Qf7
15. b3 c6 16. Nc3 Nc7 17. Ba3 Qf6 18. Rc1 Bd7 19. d5 c5 20. Bxg4 fxg4 21. Ne2
b5 22. Qc2 Qf3 23. O-O Rf8 24. b4 bxc4 25. bxc5 Nb5 26. Bb2 dxc5 27. Be5 Rf5
28. Bf4 h6 29. Kh2 Na3 30. Qd2 Rxf4 31. exf4 Qd3 32. Qb2 Nb5 33. Rfd1 Qa3 34.
Qxa3 Nxa3 35. Rc3 1-0

[Event "VIII CAMPEONATO CONTINENTAL DE LAS AMERI"]
[Site "Hotel Casa Campestre - Cochaba"]
[Date "2013.05.07"]
[Round "1"]
[White "Slomka, Gustavo"]
[Black "Gonzalez, Bernal"]
[Result "0-1"]
[WhiteElo "2055"]
[BlackElo "2461"]
[PlyCount "54"]
[EventDate "2013.05.07"]
[EventRounds "11"]
[EventCountry "BOL"]

1. b3 Nf6 2. Bb2 g6 3. f4 Bg7 4. Nf3 O-O 5. e3 d6 6. Be2 Nc6 7. O-O e5 8. fxe5
Ng4 9. h3 Ngxe5 10. d4 Nxf3+ 11. Bxf3 Qg5 12. Qd3 Bxh3 13. Nc3 Bf5 14. Be4 Bxe4
15. Nxe4 Qe7 16. Nf2 f5 17. Rae1 Qd7 18. b4 d5 19. Qb3 f4 20. e4 Nxd4 21. Bxd4
Bxd4 22. exd5 Rf7 23. Re4 Be3 24. Kh2 Qf5 25. Qd3 Qg5 26. Nh3 Qg3+ 27. Kh1 f3
0-1

[Event "VIII CAMPEONATO CONTINENTAL DE LAS AMERI"]
[Site "Hotel Casa Campestre - Cochaba"]
[Date "2013.05.07"]
[Round "1"]
[White "Sarkar, Justin"]
[Black "Monroy Carrizo, Javier"]
[Result "1-0"]
[WhiteElo "2437"]
[BlackElo "2053"]
[PlyCount "88"]
[EventDate "2013.05.07"]
[EventRounds "11"]
[EventCountry "BOL"]

1. d4 Nf6 2. c4 b6 3. Nc3 Bb7 4. Qc2 g6 5. e4 d6 6. Nf3 Bg7 7. Be2 O-O 8. Be3
c5 9. d5 Nbd7 10. Nd2 e6 11. O-O a6 12. a4 Qe7 13. Rae1 Ne5 14. h3 Ned7 15. Bd1
Ne8 16. Nb3 f5 17. exf5 gxf5 18. dxe6 Qxe6 19. Nd2 Ne5 20. f4 Qg6 21. Rf2 Nc6
22. Bf3 Nb4 23. Qb1 Bxf3 24. Nxf3 Nc7 25. Rd2 Rad8 26. Bf2 Ne6 27. Nh4 Qf6 28.
Nxf5 Nxf4 29. Bh4 Qxf5 30. Qxf5 Rxf5 31. Bxd8 Nfd3 32. Re4 Bd4+ 33. Rxd4 cxd4
34. Ne2 Nc5 35. Nxd4 Rf4 36. Bxb6 Nxa4 37. Ba5 Rxd4 38. Rxd4 Nc6 39. Rxd6 Nxa5
40. Rxa6 Nxb2 41. Rxa5 Nxc4 42. Ra7 Ne5 43. Kf2 Nf7 44. Kf3 Kg7 1-0

[Event "VIII CAMPEONATO CONTINENTAL DE LAS AMERI"]
[Site "Hotel Casa Campestre - Cochaba"]
[Date "2013.05.07"]
[Round "1"]
[White "Arias, Pablo"]
[Black "Cori T., Deysi"]
[Result "0-1"]
[WhiteElo "2050"]
[BlackElo "2430"]
[PlyCount "56"]
[EventDate "2013.05.07"]
[EventRounds "11"]
[EventCountry "BOL"]

1. e4 c5 2. Nf3 e6 3. d4 cxd4 4. Nxd4 Nc6 5. c4 Nf6 6. Nc3 Bb4 7. Nxc6 bxc6 8.
Bd3 e5 9. O-O O-O 10. Kh1 d6 11. a3 Bc5 12. Bg5 h6 13. Bh4 g5 14. Bg3 a5 15.
Rb1 Rb8 16. Na4 Bd4 17. b4 axb4 18. axb4 Qe7 19. b5 cxb5 20. cxb5 Be6 21. Qe2
Ra8 22. Nb2 Ra2 23. h4 Nd7 24. h5 Nc5 25. Rfd1 Nxd3 26. Rxd3 Bc4 27. Qg4 Rxb2
28. Rxb2 Bxb2 0-1

[Event "VIII CAMPEONATO CONTINENTAL DE LAS AMERI"]
[Site "Hotel Casa Campestre - Cochaba"]
[Date "2013.05.07"]
[Round "1"]
[White "Prasca Sosa, Rafael"]
[Black "Estrada, Lucia"]
[Result "1-0"]
[WhiteElo "2426"]
[BlackElo "2034"]
[PlyCount "77"]
[EventDate "2013.05.07"]
[EventRounds "11"]
[EventCountry "BOL"]

1. e4 e6 2. d4 d5 3. Nd2 Nf6 4. e5 Nfd7 5. f4 c5 6. c3 Nc6 7. Ndf3 Qb6 8. g3
cxd4 9. cxd4 f6 10. Bd3 Bb4+ 11. Kf1 O-O 12. Kg2 fxe5 13. dxe5 h6 14. a3 Be7
15. b4 a6 16. Ne2 Qd8 17. Be3 Nb6 18. Bb1 Nc4 19. Bf2 Qe8 20. Qd3 g6 21. Qxg6+
Qxg6 22. Bxg6 Bd7 23. Rhd1 Kg7 24. Bh5 b5 25. Ned4 Nxd4 26. Nxd4 a5 27. Bg4 Kf7
28. f5 exf5 29. Bf3 Kg6 30. Bxd5 Rac8 31. bxa5 Nxa5 32. e6 Be8 33. Ne2 Bc6 34.
Nf4+ Kg7 35. Bxc6 Nxc6 36. Rd7 Rfe8 37. Rc1 Kg8 38. Nd3 Kf8 39. Be3 1-0

[Event "VIII CAMPEONATO CONTINENTAL DE LAS AMERI"]
[Site "Hotel Casa Campestre - Cochaba"]
[Date "2013.05.07"]
[Round "1"]
[White "Leiva, Giuseppe"]
[Black "Molina, Ruben"]
[Result "1-0"]
[WhiteElo "2388"]
[BlackElo "2030"]
[PlyCount "41"]
[EventDate "2013.05.07"]
[EventRounds "11"]
[EventCountry "BOL"]

1. Nf3 Nf6 2. g3 g6 3. Bg2 Bg7 4. c4 d6 5. O-O e5 6. Nc3 O-O 7. d4 Nfd7 8. d5
f5 9. Ng5 Nf6 10. e4 Qe7 11. exf5 Bxf5 12. Qb3 h6 13. Qxb7 hxg5 14. Qxa8 Bd3
15. Bxg5 Bxc4 16. Qxa7 Na6 17. Rfc1 Nc5 18. Ne4 Qf7 19. Bxf6 Nxe4 20. Bxe4 Bxd5
21. Rxc7 1-0

[Event "VIII CAMPEONATO CONTINENTAL DE LAS AMERI"]
[Site "Hotel Casa Campestre - Cochaba"]
[Date "2013.05.07"]
[Round "1"]
[White "Ramirez, M. Eugenia"]
[Black "Pacheco, Marco"]
[Result "0-1"]
[WhiteElo "1996"]
[BlackElo "2384"]
[PlyCount "124"]
[EventDate "2013.05.07"]
[EventRounds "11"]
[EventCountry "BOL"]

1. e4 e6 2. d4 d5 3. exd5 exd5 4. Bd3 Nc6 5. c3 Bd6 6. Ne2 Qh4 7. Be3 Nge7 8.
Nd2 Nf5 9. Nf3 Nxe3 10. Nxh4 Nxd1 11. Rxd1 g6 12. g3 Ne7 13. Kd2 f6 14. Rde1
Kf7 15. Ng2 c6 16. h4 Bd7 17. h5 Bg4 18. Ne3 Bd7 19. Rh4 g5 20. Rh2 h6 21. Rf1
f5 22. f4 g4 23. Nc1 Kf6 24. Bc2 c5 25. dxc5 Bxc5 26. Nb3 Bb6 27. Nd4 Bxd4 28.
cxd4 Be6 29. Bb3 Rhd8 30. Rc1 Rac8 31. Rc3 Nc6 32. Kd3 Bf7 33. a3 Ne7 34. Rhc2
Rxc3+ 35. Rxc3 Rd6 36. Rc5 a6 37. Rc7 Rb6 38. Kc3 Ke6 39. a4 Kd6 40. Rc5 Rc6
41. Rxc6+ Kxc6 42. Bc2 Be6 43. b4 b6 44. Bd3 a5 45. Bb5+ Kd6 46. Be8 Bd7 47.
Bg6 Ke6 48. b5 Kf6 49. Kd3 Be6 50. Be8 Bf7 51. Bd7 Bxh5 52. Bxf5 Nxf5 53. Nxd5+
Ke6 54. Nxb6 Nxg3 55. Nc4 Nf5 56. d5+ Kxd5 57. b6 Kc6 58. Nxa5+ Kxb6 59. Nc4+
Kc5 60. a5 g3 61. a6 g2 62. a7 Bf3 0-1

[Event "VIII CAMPEONATO CONTINENTAL DE LAS AMERI"]
[Site "Hotel Casa Campestre - Cochaba"]
[Date "2013.05.07"]
[Round "1"]
[White "Perez Garcia, Rodney Oscar"]
[Black "Aguilar, Pedro"]
[Result "1-0"]
[WhiteElo "2381"]
[BlackElo "1987"]
[PlyCount "47"]
[EventDate "2013.05.07"]
[EventRounds "11"]
[EventCountry "BOL"]

1. e4 g6 2. d4 Bg7 3. Nf3 c5 4. dxc5 Qa5+ 5. c3 Qxc5 6. Na3 Bxc3+ 7. bxc3 Qxc3+
8. Qd2 Qxa1 9. Nb5 Na6 10. Nc3 b5 11. Bxb5 Rb8 12. O-O Rxb5 13. Nxb5 Qg7 14.
Bb2 f6 15. Rc1 Bb7 16. Nc7+ Nxc7 17. Rxc7 Bc6 18. Rc8+ Kf7 19. Ng5+ fxg5 20.
Bxg7 Kxg7 21. Qd4+ Nf6 22. Rxh8 Kxh8 23. e5 Nd5 24. e6+ 1-0

[Event "VIII CAMPEONATO CONTINENTAL DE LAS AMERI"]
[Site "Hotel Casa Campestre - Cochaba"]
[Date "2013.05.07"]
[Round "1"]
[White "Rivas, Lucas"]
[Black "Cornejo, Max"]
[Result "0-1"]
[WhiteElo "1987"]
[BlackElo "2380"]
[PlyCount "52"]
[EventDate "2013.05.07"]
[EventRounds "11"]
[EventCountry "BOL"]

1. e4 c5 2. Nf3 e6 3. d3 Nc6 4. g3 g6 5. Bg2 Bg7 6. O-O Nge7 7. Re1 d5 8. Nbd2
O-O 9. c3 b6 10. e5 Qc7 11. Qe2 g5 12. Nxg5 Qxe5 13. Nf1 Qxe2 14. Rxe2 Ba6 15.
Rd2 Ne5 16. d4 Nd3 17. dxc5 bxc5 18. Ne3 c4 19. f4 Rab8 20. Nh3 d4 21. Nd1 Nd5
22. Bxd5 exd5 23. Nhf2 dxc3 24. bxc3 d4 25. Ba3 Rfe8 26. Nxd3 cxd3 0-1

[Event "VIII CAMPEONATO CONTINENTAL DE LAS AMERI"]
[Site "Hotel Casa Campestre - Cochaba"]
[Date "2013.05.07"]
[Round "1"]
[White "Monroy, Osvaldo"]
[Black "Rios, Cristhian Camilo"]
[Result "0-1"]
[WhiteElo "1954"]
[BlackElo "2362"]
[PlyCount "84"]
[EventDate "2013.05.07"]
[EventRounds "11"]
[EventCountry "BOL"]

1. e4 c5 2. Nf3 e6 3. d4 cxd4 4. Nxd4 Nf6 5. Nc3 d6 6. Be2 Be7 7. O-O O-O 8.
Be3 Nc6 9. Qd2 a6 10. f4 Nxd4 11. Bxd4 e5 12. Be3 exf4 13. Bxf4 Be6 14. Kh1 b5
15. Bd3 Nd7 16. Nd5 Bxd5 17. exd5 Qc7 18. c3 Bf6 19. Rae1 Be5 20. Bf5 Bxf4 21.
Rxf4 Ne5 22. Bb1 g6 23. a4 Rae8 24. axb5 Nc4 25. Qf2 Rxe1+ 26. Qxe1 axb5 27. b3
Nb6 28. Rd4 Qc5 29. b4 Qc8 30. Bd3 Re8 31. Qd2 Qa6 32. h3 Re5 33. Re4 Qa1+ 34.
Kh2 Nc4 35. Qe2 Qxc3 36. Bxc4 Rxe4 37. Qxe4 bxc4 38. b5 Qb4 39. Qe8+ Kg7 40.
Qc6 c3 41. Kg3 g5 42. Kf2 Qf4+ 0-1

[Event "VIII CAMPEONATO CONTINENTAL DE LAS AMERI"]
[Site "Hotel Casa Campestre - Cochaba"]
[Date "2013.05.07"]
[Round "1"]
[White "Cruz Pereyra, Andresantoni"]
[Black "Cuellar, Diego"]
[Result "0-1"]
[WhiteElo "1947"]
[BlackElo "2323"]
[PlyCount "44"]
[EventDate "2013.05.07"]
[EventRounds "11"]
[EventCountry "BOL"]

1. c4 c5 2. Nc3 b6 3. Nf3 Bb7 4. d3 e6 5. Bf4 Nf6 6. e3 Be7 7. Be2 O-O 8. O-O
Nc6 9. h3 Rc8 10. Rc1 d5 11. d4 cxd4 12. cxd5 dxc3 13. dxc6 cxb2 14. cxb7
bxc1=Q 15. Qxc1 Rxc1 16. Rxc1 Bd6 17. Ba6 Bxf4 18. exf4 Qd6 19. Ne5 Nd7 20. Rc6
Qd1+ 21. Kh2 Nb8 22. Rc8 Nxa6 0-1

[Event "VIII CAMPEONATO CONTINENTAL DE LAS AMERI"]
[Site "Hotel Casa Campestre - Cochaba"]
[Date "2013.05.07"]
[Round "1"]
[White "Gemy, Jose Daniel"]
[Black "Nunez Marquina, Nataly Massiel"]
[Result "1/2-1/2"]
[WhiteElo "2320"]
[BlackElo "1942"]
[PlyCount "103"]
[EventDate "2013.05.07"]
[EventRounds "11"]
[EventCountry "BOL"]

1. d4 Nf6 2. Nf3 e6 3. c4 d5 4. Nc3 Bb4 5. e3 O-O 6. Qc2 c5 7. a3 Bxc3+ 8. bxc3
Qa5 9. Nd2 Nc6 10. Rb1 a6 11. a4 cxd4 12. cxd4 Bd7 13. Be2 dxc4 14. Qxc4 Rfc8
15. O-O Nd8 16. Nb3 Rxc4 17. Nxa5 Rxa4 18. Nc4 Nd5 19. Bb2 Bb5 20. Rfc1 Rc8 21.
Nd6 Rxc1+ 22. Rxc1 Bxe2 23. Rc8 Kf8 24. Nxb7 Ke7 25. Nxd8 Kd7 26. Rc2 Bd3 27.
Rd2 Bg6 28. Nb7 Ra2 29. e4 Nb6 30. Bc3 Rxd2 31. Bxd2 Kc6 32. Nc5 Nc4 33. Bc3 a5
34. f3 e5 35. Nb3 a4 36. d5+ Kb5 37. Na1 f5 38. Nc2 fxe4 39. Ne1 Kc5 40. Kf2
Kxd5 41. Nc2 exf3 42. Nb4+ Kc5 43. gxf3 a3 44. Na2 Kb5 45. f4 e4 46. Bxg7 Ka4
47. Nc1 e3+ 48. Ke2 Bb1 49. Bd4 a2 50. f5 Ka3 51. f6 Bg6 52. Ba1 1/2-1/2

[Event "VIII CAMPEONATO CONTINENTAL DE LAS AMERI"]
[Site "Hotel Casa Campestre - Cochaba"]
[Date "2013.05.07"]
[Round "1"]
[White "Arias, Juan Cruz"]
[Black "Sabas, Jorge"]
[Result "1/2-1/2"]
[WhiteElo "1933"]
[BlackElo "2302"]
[PlyCount "84"]
[EventDate "2013.05.07"]
[EventRounds "11"]
[EventCountry "BOL"]

1. e4 c6 2. Nf3 d5 3. Nc3 Bg4 4. h3 Bxf3 5. Qxf3 e6 6. d3 Nf6 7. a3 Nbd7 8. g3
Be7 9. Bg2 O-O 10. O-O a5 11. Qe2 b5 12. Bd2 b4 13. axb4 axb4 14. Na4 Nb6 15.
Nxb6 Qxb6 16. exd5 cxd5 17. Be3 Bc5 18. c4 bxc3 19. bxc3 Rxa1 20. Rxa1 d4 21.
cxd4 Bxd4 22. Ra8 Rxa8 23. Bxa8 Qd6 24. Bf3 Bxe3 25. Qxe3 e5 26. Qc1 g6 27. Qc4
Kg7 28. Kg2 Nd7 29. Qd5 Qxd5 30. Bxd5 Nc5 31. Bc4 Nb7 32. f4 f6 33. Kf3 Nd6 34.
Bd5 g5 35. fxg5 fxg5 36. Kg4 Kg6 37. Be4+ Nxe4 38. dxe4 h5+ 39. Kf3 Kf7 40. Ke3
Ke7 41. Kd3 Kd7 42. Kc4 Kc6 1/2-1/2

[Event "VIII CAMPEONATO CONTINENTAL DE LAS AMERI"]
[Site "Hotel Casa Campestre - Cochaba"]
[Date "2013.05.07"]
[Round "1"]
[White "Cueto, Jonny"]
[Black "Caba, Edgar"]
[Result "1-0"]
[WhiteElo "2263"]
[BlackElo "1861"]
[PlyCount "27"]
[EventDate "2013.05.07"]
[EventRounds "11"]
[EventCountry "BOL"]

1. e4 e5 2. d4 exd4 3. Qxd4 Nc6 4. Qe3 b6 5. Nc3 Bc5 6. Qg3 Nf6 7. e5 Nh5 8.
Qg4 O-O 9. Qxh5 Nxe5 10. Be3 Bxe3 11. fxe3 d6 12. Be2 g6 13. Qh6 Bg4 14. Nf3
1-0